000 00396pab a2200145 454500
008 180718b1999 xxu||||| |||| 00| 0 eng d
100 _aSarkar, Ashoke K.
245 _aTranslating public responses into objective measures in rural accessibility planning
260 _c1999
300 _ap.84-95
362 _aOct-Dec
650 _aRural planning
773 _aIASSI Quarterly
909 _a46667
999 _c46667
_d46667